Action learning, leadership, and organizational development in public services / (Record no. 19076)

000 -LEADER
fixed length control field 00704cam a22002174i 4500
020 ## - INTERNATIONAL STANDARD BOOK NUMBER
ISBN 0415372704 (hardback)
040 ## - CATALOGING SOURCE
Transcribing agency DLC
082 00 - DEWEY DECIMAL CLASSIFICATION NUMBER
Classification number 352 FAO 2011 C160 Or.
245 00 - TITLE STATEMENT
Title Action learning, leadership, and organizational development in public services /
300 ## - PHYSICAL DESCRIPTION
Number of Pages xiii, 226 pages ;
Dimensions 24 cm
650 #0 - SUBJECT ADDED ENTRY--TOPICAL TERM
Topical Term Local officials and employees
650 #0 - SUBJECT ADDED ENTRY--TOPICAL TERM
Topical Term Active learning
650 #0 - SUBJECT ADDED ENTRY--TOPICAL TERM
Topical Term Leadership
650 #0 - SUBJECT ADDED ENTRY--TOPICAL TERM
Topical Term Organizational learning
650 #0 - SUBJECT ADDED ENTRY--TOPICAL TERM
Topical Term Organizational change
700 1# - ADDED ENTRY--PERSONAL NAME
Personal name Rigg, Clare.
700 1# - ADDED ENTRY--PERSONAL NAME
Personal name Richards, Sue.
856 41 - ELECTRONIC LOCATION AND ACCESS
Uniform Resource Identifier http://www.loc.gov/catdir/toc/ecip065/2005037230.html
856 42 - ELECTRONIC LOCATION AND ACCESS
Uniform Resource Identifier http://www.loc.gov/catdir/enhancements/fy0659/2005037230-d.html
942 ## - ADDED ENTRY ELEMENTS (KOHA)
Koha item type ADB
952 ## - LOCATION AND ITEM INFORMATION (KOHA)
Withdrawn status [LOCAL, KOHA] 0
Holdings
Koha item type Source of acquisition Lost status Permanent Location Current Location Date acquired Full call number
សៀវភៅភាសាអង់គ្លេសA33311 Library Block CLibrary Block C2020-03-06352 FAO 2011 C160 Or.
មជ្ឈមណ្ឌលឯការនៃសាកលវិទ្យាល័យភូមិន្ទកសិកម្មចំការដូង

Powered by Koha